| 000 | 00866nam a22002657a 4500 | ||
|---|---|---|---|
| 003 | CHAP | ||
| 005 | 20220329134855.0 | ||
| 008 | 971013s1964 r 00010 d | ||
| 010 | _a27284 | ||
| 011 | _a28256 | ||
| 035 | _a32359 | ||
| 040 | _cCHAP | ||
| 082 |
_a633.1 _bI58 |
||
| 110 |
_aInstituto Nacional de Abastecimiento. Bogotá _959282 |
||
| 245 | _aEstudio de viabilidad para el ensanche de la red de almacenamiento para granos del INA | ||
| 260 |
_aBogotá : _bInstituto Latinoamericano de Mercadeo Agrícola, _c1964 |
||
| 300 |
_a62, 18 p. _b; mapas ; planos |
||
| 590 |
_aBATCH-UPD _b10 _c20130110 _lUCH01 _h1123 |
||
| 590 |
_aCONVERSION _b10 _c20130109 _lUCH01 _h1316 |
||
| 650 | 1 | 4 |
_aCereales _xAlmacenamiento. _921373 |
| 650 | 1 | 4 |
_aSilos. _9105965 |
| 901 | _aBK | ||
| 942 | _cLIBRO | ||
| 949 |
_a633.1 I58 _bBC _cLIBRO _d-75140 _eLIBRO _h22165 _i32359 _mD _si |
||
| 999 |
_c27284 _d27284 |
||